The aesthetics of cultural studies /

Shranjeno v:
Bibliografske podrobnosti
Glavni avtor: Bérubé, Michael, 1961-
Format: Neznan
Jezik:English
Izdano: Malden, MA : Blackwell, 2005.
Teme:
Oznake: Označite
Brez oznak, prvi označite!

MARC

LEADER 000000000a22000000004500
001 013594
020 |a 0631223061 
041 0 |a eng 
082 0 4 |a 111.85   |b B552a 
100 1 |a Bérubé, Michael,   |d 1961- 
245 1 4 |a The aesthetics of cultural studies /   |c Michael Bérubé. 
260 1 |a Malden, MA :   |b Blackwell,   |c 2005. 
300 |a 208 páginas ;   |c 24 cm. 
650 4 |a ESTETICA 
650 4 |a CULTURA 
500 |a Colección George Yúdice 
999 |c 19511  |d 19511 
942 |c BK  |h 111.85 B552a  |2 z